Squadre che iniziano con la C - Statistics

Statistiche generali
  • Questo quiz è stato fatto 60 volte
  • Il punteggio medio è 12 su 20
Statistiche sulle risposte
con Immagini Risposta % Corretto
Cagliari
100%
Celtic
90%
Como
88%
Cremonese
86%
Chelsea
82%
Celta Vigo
80%
Colonia
78%
Crystal Palace
76%
Copenaghen
75%
CSKA Mosca
71%
Club America
63%
Colo-Colo
55%
Cadice
51%
Caen
31%
CSKA Sofia
31%
Cardiff City
29%
Charlton
27%
Cruzeiro
27%
Corinthians
22%
Cruz Azul
20%
Nessun quiz corrispondente trovato
Distribuzione punteggi
Percentuale di utenti per punteggio
Percentile per numero di risposta
I tuoi punteggi nel tempo
Non hai fatto questo quiz